Comportamiento de un muro híbrido de concreto presforzado sometido a carga lateral cíclica
Guardado en:
| Hovedforfatter: | |
|---|---|
| Format: | Bog |
| Udgivet: |
[San José, Costa Rica]
2005
|
| Fag: | |
| Tags: |
Tilføj Tag
Ingen Tags, Vær først til at tagge denne postø!
|
MARC
| LEADER | 00000nam a2200000Ia 4500 | ||
|---|---|---|---|
| 003 | 009485 | ||
| 005 | 20221231144132.0 | ||
| 008 | 140114s2005 cr a m 000 ||s d | ||
| 040 | |c cru CEDI | ||
| 090 | |a TFG 5025 | ||
| 100 | |a Mora Vargas, Greivin Gerardo |9 6101 | ||
| 245 | |a Comportamiento de un muro híbrido de concreto presforzado sometido a carga lateral cíclica | ||
| 260 | |c 2005 |a [San José, Costa Rica] | ||
| 300 | |a viii, 223 hojas : ilustraciones a color; 4 planos plegables | ||
| 500 | |a Tesis (licenciatura en ingeniería civil)--Universidad de Costa Rica. Escuela de Ingeniería Civil | ||
| 650 | |x CONSTRUCCIONES DE HORMIGON PRETENSADO |x ESFUERZO Y TENSION |x ANALISIS ESTRUCTURAL (INGENIERIA) |x ESTRUCTURAS DE HORMIGON ARMADO |x MUROS DE HORMIGON |9 6102 | ||
| 942 | |c TFG | ||
| 999 | |c 17398 |d 17398 | ||
